| Поле | Инд. | ПП | Название | Значение |
|---|---|---|---|---|
| Тип записи | a | |||
| Библиографический уровень | b | |||
| 001 | Контрольный номер | 487586edb3dc4960a619f84f09b3088f | ||
| 005 | Дата корректировки | 20211223142803.1 | ||
| 008 | Кодируемые данные | 20060228 | ||
| 084 | a | Индекс другой классификации/Индекс ББК | 88.623в6; 74.48в6 | |
| 100 | 1_ | a | Автор | Перикова Е. И. |
| q | Полное имя | Перикова Екатерина Игоревна | ||
| 100 | 1_ | a | Автор | Атаманова И. В. |
| q | Полное имя | Атаманова Инна Викторовна | ||
| 100 | 1_ | a | Автор | Богомаз С. А. |
| q | Полное имя | Богомаз Сергей Александрович | ||
| 245 | 10 | a | Заглавие | Инновативность личности: исследование параметров психологической системы деятельности вузовской молодежи |
| 500 | a | Примечание | DOI 10.17323/1813-8918-2020-4-719-736 | |
| 520 | 0_ | a | Аннотация | Исследуется готовность к инновационной деятельности. Показано, что значимыми параметрами для развития инновативных качеств современной вузовской молодежи являются наличие целей, проявление настойчивости в их достижении, способность к системной рефлексии, ориентация на настоящее во временнОй перспективе и межличностный и внутриличностный эмоциональный интеллект.... Фиксация на выполнении какой-либо задачи и склонность к планированию могут оказывать сдерживающий эффект на реализацию личностной готовности к инновационной деятельности. |
| 650 | 04 | a | Основная рубрика | психология |
| a | Основная рубрика | образование | ||
| a | Основная рубрика | методология науки; методы научного исследования | ||
| a | Основная рубрика | педагогическая психология; педагогическая психология взрослых | ||
| a | Основная рубрика | профессиональное образование; высшее образование | ||
| 653 | 0_ | a | Ключевые слова | высшие учебные заведения |
| a | Ключевые слова | инновативность личности | ||
| a | Ключевые слова | инновационная деятельность | ||
| a | Ключевые слова | межличностные отношения | ||
| a | Ключевые слова | молодежь | ||
| a | Ключевые слова | мотивация | ||
| a | Ключевые слова | планирование | ||
| a | Ключевые слова | профессиональное становление | ||
| a | Ключевые слова | психология деятельности | ||
| a | Ключевые слова | рефлексия | ||
| a | Ключевые слова | самоорганизация | ||
| a | Ключевые слова | становление личности | ||
| a | Ключевые слова | студенты | ||
| a | Ключевые слова | университеты | ||
| a | Ключевые слова | целеполагание | ||
| a | Ключевые слова | целеустремленность | ||
| a | Ключевые слова | эмоциональный интеллект | ||
| 773 | 18 | t | Заглавие источника | Психология. Журнал Высшей школы экономики |
| d | Дата издания источника | 2020 | ||
| g | Прочая информация | Т. 17, № 4. - С. 719 - 736 : табл. | ||
| w | Контрольный № источника | 26a664e9e16641d7b5b1eb89e0b3afcc | ||
| 901 | t | Тип документа | b |